Population Battle – Sudden Death - Statistics

General Stats
  • This quiz has been taken 106,300 times
  • The average score is 5 of 10
Answers on the Grid
Answers color-coded by a green-red scale on the quiz's grid according to % correct below.
Canada
Mexico
United States
Indonesia
Thailand
Vietnam
Colombia
Ethiopia
Malaysia
Poland
Spain
Turkey
Algeria
Greece
Taiwan
Argentina
Cambodia
Sweden
Belgium
Haiti
Saudi Arabia
Austria
Cyprus
Jamaica
Albania
Bahamas
New Zealand
East Timor
Grenada
Iceland
 
Answer Stats
Answer % Correct
351 m United States
98%
286 m Indonesia
86%
88 m Turkey
63%
135 m Ethiopia
61%
47 m Algeria
43%
46 m Argentina
43%
34.5 m Saudi Arabia
38%
9.1 m Austria
33%
5.3 m New Zealand
25%
1.42 m East Timor
16%
No matching quizzes found
Score Distribution
Percent of People with Each Score
Percentile by Number Answered
Your Score History
You have not taken this quiz